000 00724cam a22002292 4500
001 0000024957
005 20151217145950.0
008 140402s xx 000 0 eng d
020 _a1907816055 :
040 _aKABU
_cKABU
100 1 _aThillai, Muhunthan.
_@0000185295
245 1 0 _aUnderstanding ABGs & lung function tests /
_cMuhunthan Thillai, Keith Hattotuwa.
250 _a1st ed.
260 _aLondon :
_bJP Medical,
_c2012.
300 _axiii, 156 p.
650 0 _aBlood gases
_xAnalysis.
_@0000185296
650 0 _aPulmonary function tests.
_@0000185297
700 1 _aHattotuwa, Keith.
_@0000185298
852 1 _9p1950 KES
908 _a140402
950 _@1
999 _c4593
_d4593